Statystyki dla Największe lotniska Polski

Kliknij tutaj aby rozwiązać quiz!

Ogólne statystyki

  • Ten quiz został rozwiązany 265 razy
  • Średni wynik to 12 z 14

Statystyki odpowiedzi

Liczba pasażerówLotnisko% Poprawnych
18 844 591Warszawa (Okęcie)
99%
3 104 277Warszawa (Modlin)
98%
5 361 134Gdańsk (Rębiechowo)
97%
8 402 859Kraków (Balice-Zabierzów)
97%
4 843 650Katowice (Pyrzowice)
95%
3 496 898Wrocław (Starachowice)
95%
2 372 184Poznań (Ławica)
93%
580 479Szczecin (Goleniów)
93%
769 252Rzeszów (Jasionka)
86%
356 011Lublin (Świdnik)
85%
413 472Bydgoszcz (Szwederowo)
82%
241 707Łódź (Lublinek)
81%
147 446Olsztyn (Szczytno)
71%
33 078Zielona Góra (Babimost)
67%

Rozkład punktacji

Percentyl według liczby udzielonych odpowiedzi

Procent ludzi z każdym wynikiem

Twoja historia wyników

Nie rozwiązałeś tego quizu